<?xml version="1.0" encoding="UTF-8"?>
<record
    xmlns:xsi="http://www.w3.org/2001/XMLSchema-instance"
    xsi:schemaLocation="http://www.loc.gov/MARC21/slim http://www.loc.gov/standards/marcxml/schema/MARC21slim.xsd"
    xmlns="http://www.loc.gov/MARC21/slim">

  <leader>01153nam a2200217   4500</leader>
  <controlfield tag="008">160218b2014    mx ||||| |||| 00| 0 spa d</controlfield>
  <datafield tag="020" ind1=" " ind2=" ">
    <subfield code="a">9789682319907</subfield>
  </datafield>
  <datafield tag="050" ind1=" " ind2=" ">
    <subfield code="a">BF713</subfield>
    <subfield code="b">D45 2014</subfield>
  </datafield>
  <datafield tag="100" ind1=" " ind2=" ">
    <subfield code="a">Delval, Juan</subfield>
    <subfield code="d">1941 - </subfield>
    <subfield code="e">autor</subfield>
    <subfield code="9">7915</subfield>
  </datafield>
  <datafield tag="245" ind1="1" ind2="3">
    <subfield code="a">El Desarrollo Humano</subfield>
    <subfield code="c">/ Juan Delval</subfield>
  </datafield>
  <datafield tag="250" ind1=" " ind2=" ">
    <subfield code="a">primera edici&#xF3;n</subfield>
  </datafield>
  <datafield tag="260" ind1=" " ind2=" ">
    <subfield code="a">Mexico</subfield>
    <subfield code="b">: Siglo Veintiuno</subfield>
    <subfield code="c">; 2014</subfield>
  </datafield>
  <datafield tag="300" ind1=" " ind2=" ">
    <subfield code="a">xii, 626 p&#xE1;ginas</subfield>
  </datafield>
  <datafield tag="336" ind1=" " ind2=" ">
    <subfield code="a">texto</subfield>
  </datafield>
  <datafield tag="337" ind1=" " ind2=" ">
    <subfield code="a">sin medio</subfield>
  </datafield>
  <datafield tag="338" ind1=" " ind2=" ">
    <subfield code="a">volumen</subfield>
  </datafield>
  <datafield tag="500" ind1=" " ind2=" ">
    <subfield code="a">Plan Flexible
Psicolog&#xED;a / Desarrollo Psicol&#xF3;gico I (P01-1) (03 008859)
Psicolog&#xED;a / Desarrollo Psicol&#xF3;gico II (P02-1) (03 008860)
Psicolog&#xED;a / Desarrollo Psicol&#xF3;gico III (P03-1) (03 008861)
Pedagog&#xED;a / Psicolog&#xED;a Educativa (B03-2) (03 008879)
Pedagog&#xED;a / Psicolog&#xED;a del Desarrollo Infantil I (B04-1) 
(03 008880)
Pedagog&#xED;a / Psicolog&#xED;a del Desarrollo Infantil (B05-1) 
(03 008881)
Pedagog&#xED;a / Psicolog&#xED;a del Desarrollo Adulto y Senectud 
(B07-1) (03 008890) 
 








</subfield>
  </datafield>
  <datafield tag="650" ind1=" " ind2=" ">
    <subfield code="a">PSICOLOG&#xCD;A DEL DESARROLLO</subfield>
    <subfield code="9">526</subfield>
  </datafield>
  <datafield tag="942" ind1=" " ind2=" ">
    <subfield code="c">LB</subfield>
  </datafield>
  <datafield tag="952" ind1=" " ind2=" ">
    <subfield code="0">0</subfield>
    <subfield code="1">0</subfield>
    <subfield code="2">lcc</subfield>
    <subfield code="4">0</subfield>
    <subfield code="7">0</subfield>
    <subfield code="a">03</subfield>
    <subfield code="b">03</subfield>
    <subfield code="d">2016-02-29</subfield>
    <subfield code="l">0</subfield>
    <subfield code="o">BF713 D45 2014</subfield>
    <subfield code="p">03 008860</subfield>
    <subfield code="r">2016-02-29</subfield>
    <subfield code="t">1</subfield>
    <subfield code="w">2016-02-29</subfield>
    <subfield code="y">LB</subfield>
  </datafield>
  <datafield tag="952" ind1=" " ind2=" ">
    <subfield code="0">0</subfield>
    <subfield code="1">0</subfield>
    <subfield code="4">0</subfield>
    <subfield code="7">0</subfield>
    <subfield code="a">03</subfield>
    <subfield code="b">03</subfield>
    <subfield code="d">2016-02-29</subfield>
    <subfield code="l">0</subfield>
    <subfield code="o">BF713 D45 2014</subfield>
    <subfield code="p">03 008861</subfield>
    <subfield code="r">2016-02-29</subfield>
    <subfield code="t">2</subfield>
    <subfield code="w">2016-02-29</subfield>
    <subfield code="y">LB</subfield>
  </datafield>
  <datafield tag="952" ind1=" " ind2=" ">
    <subfield code="0">0</subfield>
    <subfield code="1">0</subfield>
    <subfield code="2">lcc</subfield>
    <subfield code="4">0</subfield>
    <subfield code="7">0</subfield>
    <subfield code="a">03</subfield>
    <subfield code="b">03</subfield>
    <subfield code="d">2016-02-29</subfield>
    <subfield code="l">1</subfield>
    <subfield code="o">BF713 D45 2014</subfield>
    <subfield code="p">03 008859</subfield>
    <subfield code="r">2018-02-15</subfield>
    <subfield code="s">2018-02-14</subfield>
    <subfield code="t">3</subfield>
    <subfield code="w">2016-02-29</subfield>
    <subfield code="y">LB</subfield>
  </datafield>
  <datafield tag="952" ind1=" " ind2=" ">
    <subfield code="0">0</subfield>
    <subfield code="1">0</subfield>
    <subfield code="4">0</subfield>
    <subfield code="7">0</subfield>
    <subfield code="a">03</subfield>
    <subfield code="b">03</subfield>
    <subfield code="d">2016-02-29</subfield>
    <subfield code="l">0</subfield>
    <subfield code="o">BF713 D45 2014</subfield>
    <subfield code="p">03 008879</subfield>
    <subfield code="r">2016-02-29</subfield>
    <subfield code="t">4</subfield>
    <subfield code="w">2016-02-29</subfield>
    <subfield code="y">LB</subfield>
  </datafield>
  <datafield tag="952" ind1=" " ind2=" ">
    <subfield code="0">0</subfield>
    <subfield code="1">0</subfield>
    <subfield code="2">lcc</subfield>
    <subfield code="4">0</subfield>
    <subfield code="7">0</subfield>
    <subfield code="a">03</subfield>
    <subfield code="b">03</subfield>
    <subfield code="d">2016-02-29</subfield>
    <subfield code="l">0</subfield>
    <subfield code="o">BF713 D45 2014</subfield>
    <subfield code="p">03 008880</subfield>
    <subfield code="r">2016-02-29</subfield>
    <subfield code="t">5</subfield>
    <subfield code="w">2016-02-29</subfield>
    <subfield code="y">LB</subfield>
  </datafield>
  <datafield tag="952" ind1=" " ind2=" ">
    <subfield code="0">0</subfield>
    <subfield code="1">0</subfield>
    <subfield code="2">lcc</subfield>
    <subfield code="4">0</subfield>
    <subfield code="7">0</subfield>
    <subfield code="a">03</subfield>
    <subfield code="b">03</subfield>
    <subfield code="d">2016-02-29</subfield>
    <subfield code="l">0</subfield>
    <subfield code="o">BF713 D45 2014</subfield>
    <subfield code="p">03 008881</subfield>
    <subfield code="r">2016-02-29</subfield>
    <subfield code="t">6</subfield>
    <subfield code="w">2016-02-29</subfield>
    <subfield code="y">LB</subfield>
  </datafield>
  <datafield tag="952" ind1=" " ind2=" ">
    <subfield code="0">0</subfield>
    <subfield code="1">0</subfield>
    <subfield code="2">lcc</subfield>
    <subfield code="4">0</subfield>
    <subfield code="7">0</subfield>
    <subfield code="a">03</subfield>
    <subfield code="b">03</subfield>
    <subfield code="d">2016-02-29</subfield>
    <subfield code="l">0</subfield>
    <subfield code="o">BF713 D45 2014</subfield>
    <subfield code="p">03 008890</subfield>
    <subfield code="r">2016-02-29</subfield>
    <subfield code="t">7</subfield>
    <subfield code="w">2016-02-29</subfield>
    <subfield code="y">LB</subfield>
  </datafield>
  <datafield tag="999" ind1=" " ind2=" ">
    <subfield code="c">98905</subfield>
    <subfield code="d">98905</subfield>
  </datafield>
</record>
